[Event "BCF-ch PM U1750 op"]
[Site "Hull"]
[Date "2024.08.02"]
[Round "5"]
[White "McCormick, Graeme"]
[Black "Walker, Elmira"]
[Result "1-0"]
[WhiteElo "1586"]
[BlackElo "1725"]
[PlyCount "75"]
[EventDate "2024.07.29"]
[EventType "swiss"]
[EventRounds "6"]
[EventCountry "ENG"]
[SourceTitle "CBM 221 Extra"]
[Source "ChessBase"]
[SourceDate "2024.09.30"]
[SourceVersion "1"]
[SourceVersionDate "2024.09.30"]
[SourceQuality "1"]

1. e4 c5 2. g3 Nc6 3. Bg2 d6 4. Nc3 g6 5. Nge2 Bg7 6. 0-0 e5 7. d3 Nge7 8. Be3 h6 9. Qd2 Be6 10. a3 Nd4 11. b4 Qd7 12. Rab1 Bh3 13. f4 Bxg2 14. Kxg2 h5 15. h3 b6 16. Rf2 Qc6 17. Rbf1 Ndf5 18. Nd1 0-0 19. Kh2 Nxe3 20. Nxe3 d5 21. exd5 Nxd5 22. Nxd5 Qxd5 23. Nc3 Qc6 24. f5 cxb4 25. axb4 Rfd8 26. b5 Qc5 27. fxg6 fxg6 28. Ne4 Qxb5 29. Nf6+ Bxf6 30. Rxf6 Qe8 31. Qh6 Rd7 32. Rxg6+ Qxg6 33. Qxg6+ Rg7 34. Qxh5 a5 35. Qxe5 Raa7 36. Rf4 Rae7 37. Qd5+ Kh8 38. Rf8+ 1-0

[Event "BCF-ch PM U1750 op"]
[Site "Hull"]
[Date "2024.07.31"]
[Round "3"]
[White "Flint, James"]
[Black "Walker, Elmira"]
[Result "1-0"]
[WhiteElo "1603"]
[BlackElo "1725"]
[PlyCount "87"]
[EventDate "2024.07.29"]
[EventType "swiss"]
[EventRounds "6"]
[EventCountry "ENG"]
[SourceTitle "CBM 221 Extra"]
[Source "ChessBase"]
[SourceDate "2024.09.30"]
[SourceVersion "1"]
[SourceVersionDate "2024.09.30"]
[SourceQuality "1"]

1. c4 Nf6 2. Nc3 g6 3. g3 Bg7 4. Bg2 d6 5. e4 e5 6. Nge2 0-0 7. 0-0 Nc6 8. d3 Kh8 9. h3 Ng8 10. Be3 g5 11. Qd2 h6 12. d4 f5 13. f4 gxf4 14. gxf4 Qe8 15. Nd5 Qf7 16. dxe5 dxe5 17. Ng3 Be6 18. Nxf5 Bxf5 19. exf5 Qxf5 20. Nxc7 Rad8 21. Nd5 Nf6 22. fxe5 Qxe5 23. Bxh6 Nxd5 24. Bxg7+ Qxg7 25. Rxf8+ Qxf8 26. cxd5 Qg7 27. Qc3 Nd4 28. Kh1 Rf8 29. Rd1 Rf4 30. Qe3 Qf6 31. Qe8+ Kg7 32. Re1 Rf2 33. Qe7+ Qf7 34. d6 Nf5 35. Qxf7+ Kxf7 36. Bd5+ Kg7 37. d7 Ng3+ 38. Kg1 Rf8 39. Re8 Ne2+ 40. Rxe2 Rd8 41. Be6 Kf6 42. Bg4 Kf7 43. Rc2 Ke7 44. Rc8 1-0

[Event "BCF-ch Soanes U1750 op"]
[Site "Hull"]
[Date "2024.07.28"]
[Round "4"]
[White "Walker, Elmira"]
[Black "Fossey, Isaac"]
[Result "1-0"]
[WhiteElo "1725"]
[BlackElo "1673"]
[PlyCount "84"]
[EventDate "2024.07.26"]
[EventType "swiss"]
[EventRounds "5"]
[EventCountry "ENG"]
[SourceTitle "CBM 221 Extra"]
[Source "ChessBase"]
[SourceDate "2024.09.30"]
[SourceVersion "1"]
[SourceVersionDate "2024.09.30"]
[SourceQuality "1"]

1. e4 e6 2. d4 d5 3. Nc3 Nf6 4. e5 Nfd7 5. f4 c5 6. Nf3 Nc6 7. Be3 Qb6 8. Na4 Qa5+ 9. Nc3 cxd4 10. Nxd4 Qb4 11. Rb1 Bc5 12. a3 Qb6 13. Na4 Qa5+ 14. Nc3 Nxd4 15. Bxd4 Qb6 16. Na4 Qa5+ 17. Nc3 Bxd4 18. Qxd4 0-0 19. Bd3 Nc5 20. 0-0 Nxd3 21. Qxd3 b6 22. Rf3 Ba6 23. Qd1 Qc5+ 24. Kh1 d4 25. Ne4 Qd5 26. Nf2 Bb7 27. Rg3 Rac8 28. Qg4 g6 29. Rc1 Rc7 30. h4 Rfc8 31. c3 dxc3 32. bxc3 Qd2 33. Rf1 Rxc3 34. Rxc3 Rxc3 35. h5 Qd8 36. Rd1 Qe7 37. h6 Rc8 38. Rd6 Rd8 39. Rxd8+ Qxd8 40. Qg5 Qf8 41. Ng4 Qxa3 42. Qd8+ Qf8 1-0

[Event "BCF-ch Soanes U1750 op"]
[Site "Hull"]
[Date "2024.07.27"]
[Round "3"]
[White "Smithson, Sean"]
[Black "Walker, Elmira"]
[Result "0-1"]
[WhiteElo "1633"]
[BlackElo "1725"]
[PlyCount "85"]
[EventDate "2024.07.26"]
[EventType "swiss"]
[EventRounds "5"]
[EventCountry "ENG"]
[SourceTitle "CBM 221 Extra"]
[Source "ChessBase"]
[SourceDate "2024.09.30"]
[SourceVersion "1"]
[SourceVersionDate "2024.09.30"]
[SourceQuality "1"]

1. e4 c5 2. Be2 Nc6 3. d3 g6 4. f4 d6 5. Nf3 Bg7 6. 0-0 e6 7. c3 Nge7 8. Be3 0-0 9. d4 cxd4 10. cxd4 d5 11. e5 Nf5 12. Bf2 Qb6 13. Qd2 Bd7 14. Nc3 Rfc8 15. g4 Nfe7 16. Bh4 Kh8 17. Nb5 Rf8 18. Nd6 f6 19. Kh1 Nc8 20. exf6 Bxf6 21. Bxf6+ Rxf6 22. Ne5 Nxe5 23. fxe5 Rxf1+ 24. Rxf1 Nxd6 25. exd6 Qxd6 26. Qf4 Qxf4 27. Rxf4 Kg7 28. Kg2 Rf8 29. Kg3 g5 30. Rxf8 Kxf8 31. h4 h6 32. hxg5 hxg5 33. Kf3 Ke7 34. Ke3 Kd6 35. b3 e5 36. dxe5+ Kxe5 37. Bf3 d4+ 38. Kd2 Bc6 39. Be2 a6 40. a4 Be4 41. b4 d3 42. Bf1 Kf4 43. Bh3 0-1

[Event "BCF-ch Soanes U1750 op"]
[Site "Hull"]
[Date "2024.07.27"]
[Round "2"]
[White "Walker, Elmira"]
[Black "Welson, Aaron"]
[Result "1/2-1/2"]
[WhiteElo "1725"]
[BlackElo "1635"]
[PlyCount "66"]
[EventDate "2024.07.26"]
[EventType "swiss"]
[EventRounds "5"]
[EventCountry "ENG"]
[SourceTitle "CBM 221 Extra"]
[Source "ChessBase"]
[SourceDate "2024.09.30"]
[SourceVersion "1"]
[SourceVersionDate "2024.09.30"]
[SourceQuality "1"]

1. e4 c5 2. Nf3 Nc6 3. d4 cxd4 4. Nxd4 g6 5. c4 d6 6. Nc3 Nf6 7. Be3 Bg7 8. f3 0-0 9. Qd2 Bd7 10. Be2 Ne8 11. 0-0 Nc7 12. Rab1 Nxd4 13. Bxd4 Ne6 14. Bxg7 Kxg7 15. Nd5 Bc6 16. b4 Rc8 17. Rfe1 Re8 18. f4 Bxd5 19. cxd5 Qb6+ 20. Kh1 Qd4 21. Qxd4+ Nxd4 22. Bg4 e6 23. dxe6 f5 24. exf5 gxf5 25. Bh3 Kf6 26. Red1 Rc4 27. g3 Rxe6 28. Bf1 Ne2 29. Bxe2 Rxe2 30. Rxd6+ Ke7 31. Rbd1 Rc8 32. Rd7+ Ke8 33. Rxh7 Rxa2 1/2-1/2

[Event "UK-ch Blitz-B"]
[Site "Leamington Spa"]
[Date "2023.12.02"]
[Round "7.3"]
[White "Kong, Emma Zihan"]
[Black "Walker, Elmira"]
[Result "1-0"]
[WhiteElo "1269"]
[BlackElo "1578"]
[PlyCount "56"]
[EventDate "2023.12.02"]
[EventType "tourn (blitz)"]
[EventRounds "15"]
[EventCountry "ENG"]
[SourceTitle "CBM 217 Extra"]
[Source "ChessBase"]
[SourceDate "2024.01.31"]
[SourceVersion "1"]
[SourceVersionDate "2024.01.31"]
[SourceQuality "1"]

1. d4 Nf6 2. c4 g6 3. Nc3 Bg7 4. e4 d6 5. Be2 0-0 6. Be3 a6 7. g4 b6 8. h4 Ne8 9. h5 e5 10. hxg6 fxg6 11. d5 c6 12. Qd2 Qf6 13. Rh2 c5 14. Bh6 Nd7 15. Bxg7 Qxg7 16. Nf3 Ndf6 17. Ng5 h6 18. Ne6 Bxe6 19. dxe6 Kh7 20. g5 Nh5 21. Bxh5 gxh5 22. Rxh5 Rf4 23. Rxh6+ Kg8 24. 0-0-0 Qxg5 25. Rhh1 Kf8 26. Rdg1 Qf6 27. Nd5 Qxe6 28. Nxf4 Qxc4+ 1-0

[Event "UK-ch Blitz-B"]
[Site "Leamington Spa"]
[Date "2023.12.02"]
[Round "8.4"]
[White "Walker, Elmira"]
[Black "Mirzoeva, Elmira"]
[Result "0-1"]
[WhiteElo "1578"]
[BlackElo "2078"]
[PlyCount "52"]
[EventDate "2023.12.02"]
[EventType "tourn (blitz)"]
[EventRounds "15"]
[EventCountry "ENG"]
[SourceTitle "CBM 217 Extra"]
[Source "ChessBase"]
[SourceDate "2024.01.31"]
[SourceVersion "1"]
[SourceVersionDate "2024.01.31"]
[SourceQuality "1"]

1. e4 c6 2. Nc3 d5 3. Nf3 Nf6 4. exd5 cxd5 5. d4 Nc6 6. Be2 Bg4 7. h3 Bh5 8. 0-0 e6 9. Re1 Bb4 10. a3 Ba5 11. Bg5 0-0 12. Nh2 Bxe2 13. Rxe2 h6 14. Bh4 Bb6 15. Rd2 g5 16. Bg3 Kg7 17. Ng4 Nxg4 18. hxg4 Rc8 19. Ne2 Na5 20. b3 Nc6 21. c3 Qe7 22. Kf1 Rh8 23. f4 h5 24. fxg5 Qxg5 25. gxh5 Rxh5 26. Bf4 Rh1+ 0-1